[Event "Bikaner op 1st"]
[Site "Bikaner"]
[Date "2022.10.07"]
[Round "8"]
[White "Medhansh, Saxena"]
[Black "Majumder, Shrayan"]
[Result "0-1"]
[WhiteElo "1595"]
[BlackElo "1789"]
[PlyCount "90"]
[EventDate "2022.10.01"]
[EventType "swiss"]
[EventRounds "10"]
[EventCountry "IND"]
[SourceTitle "CBM 210 Extra"]
[Source "ChessBase"]
[SourceDate "2022.11.30"]
[SourceVersion "1"]
[SourceVersionDate "2022.11.30"]
[SourceQuality "1"]

1. e4 e6 2. d3 d5 3. Nd2 Nc6 4. Ngf3 e5 5. g3 Nf6 6. Bg2 dxe4 7. dxe4 Bc5 8. 0-0 0-0 9. Qe2 a5 10. Nb3 Bb6 11. c3 a4 12. Nbd2 Qe7 13. Nh4 Rd8 14. Nc4 Bc5 15. Nf5 Qd7 16. Be3 Bxe3 17. Ncxe3 Qe8 18. f4 exf4 19. Rxf4 Ne5 20. Nd5 Nxd5 21. exd5 Bxf5 22. Rxf5 Ng6 23. Qf2 f6 24. Re1 Qf8 25. Rf3 Re8 26. Rxe8 Rxe8 27. Bh3 Ne5 28. Be6+ Rxe6 29. dxe6 Nxf3+ 30. Qxf3 Qc5+ 31. Kg2 Qc6 32. Qxc6 bxc6 33. Kf3 Kf8 34. Ke4 Ke7 35. Kd4 Kxe6 36. c4 f5 37. a3 g5 38. c5 h5 39. h3 h4 40. gxh4 gxh4 41. Ke3 Ke5 42. Kf3 f4 43. Kg2 Ke4 44. Kf2 f3 45. Kf1 Ke5 0-1

[Event "Bikaner op 1st"]
[Site "Bikaner"]
[Date "2022.10.02"]
[Round "2"]
[White "Medhansh, Saxena"]
[Black "Omidi, Arya"]
[Result "0-1"]
[WhiteElo "1595"]
[BlackElo "2321"]
[PlyCount "81"]
[EventDate "2022.10.01"]
[EventType "swiss"]
[EventRounds "10"]
[EventCountry "IND"]
[SourceTitle "CBM 210 Extra"]
[Source "ChessBase"]
[SourceDate "2022.11.30"]
[SourceVersion "1"]
[SourceVersionDate "2022.11.30"]
[SourceQuality "1"]

1. e4 g6 2. d4 Bg7 3. Nf3 c6 4. c3 d6 5. Be2 Nf6 6. Nbd2 0-0 7. Qc2 c5 8. dxc5 dxc5 9. 0-0 Nc6 10. Nc4 Qc7 11. Bg5 h6 12. Bh4 Nh5 13. Ne1 Nf4 14. Nd3 Nxe2+ 15. Qxe2 b6 16. Bg3 Qb7 17. Ne3 e5 18. f4 exf4 19. Nxf4 Ne5 20. Nfd5 Be6 21. Rad1 Kh8 22. Nf5 gxf5 23. Bxe5 Bxe5 24. exf5 Bxh2+ 25. Kxh2 Bxd5 26. Qe5+ f6 27. Qxd5 Qg7 28. Rf3 Rg8 29. Rfd3 c4 30. R3d2 Qg3+ 31. Kh1 Rae8 32. Qd6 Qh4+ 33. Kg1 Re3 34. Qd5 h5 35. Qd4 Qg5 36. Rf2 Rg3 37. Rdd2 Rg4 38. Qd5 h4 39. Qf3 Rg3 40. Qf4 Rxg2+ 41. Kh1 0-1

[Event "FISCA Online op"]
[Site "Chess.com INT"]
[Date "2020.06.26"]
[Round "7"]
[White "Simina, Alexandru Ioan"]
[Black "Medhansh, Saxena"]
[Result "0-1"]
[WhiteElo "1220"]
[BlackElo "1657"]
[PlyCount "72"]
[EventDate "2020.06.19"]
[EventType "swiss"]
[EventRounds "9"]
[EventCountry "ROU"]
[SourceTitle "CBM 197 Extra"]
[Source "ChessBase"]
[SourceDate "2020.09.30"]
[SourceVersion "1"]
[SourceVersionDate "2020.09.30"]
[SourceQuality "1"]

1. d4 d5 2. c4 e6 3. Nc3 c6 4. Bf4 dxc4 5. e4 b5 6. a4 Qb6 7. b3 b4 8. a5 Qd8 9. Nce2 c3 10. Nf3 Nf6 11. Qc2 c5 12. dxc5 Bxc5 13. Nc1 h6 14. Qe2 Ba6 15. Qc2 Bxf1 16. Kxf1 Nc6 17. g3 Nd4 18. Nxd4 Qxd4 19. Be3 Qxe4 20. Qxe4 Nxe4 21. Nd3 Bxe3 22. fxe3 Rb8 23. Ke2 Ke7 24. Ra4 Rhd8 25. Nxb4 Rd2+ 26. Kf3 f5 27. Rf1 Kf6 28. g4 Nc5 29. Nc6 Rxb3 30. Rf4 c2 31. gxf5 e5 32. Rc4 Rb1 33. Rxb1 cxb1Q 34. Rxc5 e4+ 35. Kg3 Qe1+ 36. Kf4 Qh4# 0-1

[Event "FISCA Online op"]
[Site "Chess.com INT"]
[Date "2020.06.22"]
[Round "4"]
[White "Medhansh, Saxena"]
[Black "Triboi, Alexander"]
[Result "1/2-1/2"]
[WhiteElo "1657"]
[BlackElo "1981"]
[PlyCount "73"]
[EventDate "2020.06.19"]
[EventType "swiss"]
[EventRounds "9"]
[EventCountry "ROU"]
[SourceTitle "CBM 197 Extra"]
[Source "ChessBase"]
[SourceDate "2020.09.30"]
[SourceVersion "1"]
[SourceVersionDate "2020.09.30"]
[SourceQuality "1"]

1. e4 e6 2. d3 d5 3. Nd2 c5 4. g3 Nf6 5. Bg2 Be7 6. Ngf3 0-0 7. 0-0 b6 8. e5 Nfd7 9. Re1 Nc6 10. Nf1 Bb7 11. h4 b5 12. N1h2 Rc8 13. Bf4 d4 14. Ng4 Nb6 15. Ng5 Nd5 16. Be4 Nxf4 17. gxf4 g6 18. Nh6+ Kg7 19. Nhxf7 Qd7 20. Nd6 Bxd6 21. exd6 Rxf4 22. Bg2 Re8 23. Qe2 Rf6 24. Qg4 Nd8 25. Bxb7 Nxb7 26. Ne4 Rf5 27. Qg3 Rd5 28. Qf4 Nxd6 29. Nf6 Rf8 30. Nxd5 Rxf4 31. Nxf4 e5 32. Rxe5 Qg4+ 33. Ng2 Nf5 34. Re4 Qh3 35. Rae1 Nh6 36. Re7+ Kf6 37. f3 1/2-1/2

[Event "FISCA Online U14 op"]
[Site "Chess.com INT"]
[Date "2020.05.16"]
[Round "8"]
[White "Jaiveer, Mahendru"]
[Black "Medhansh, Saxena"]
[Result "0-1"]
[WhiteElo "1695"]
[BlackElo "1657"]
[PlyCount "72"]
[EventDate "2020.05.09"]
[EventType "swiss"]
[EventRounds "9"]
[EventCountry "ROU"]
[SourceTitle "EXT 2021"]
[Source "ChessBase"]
[SourceDate "2020.10.23"]
[SourceVersion "1"]
[SourceVersionDate "2020.10.23"]
[SourceQuality "1"]

1. e4 e5 2. Nf3 Nc6 3. Bc4 Bc5 4. c3 Nf6 5. d3 d6 6. Nbd2 0-0 7. Bb3 a6 8. Nf1 Ne7 9. Bg5 Ng6 10. Ng3 h6 11. Be3 Ba7 12. h3 Be6 13. Nf5 d5 14. Qc2 Qd7 15. g4 dxe4 16. dxe4 Rfe8 17. Rg1 Bxb3 18. axb3 Nf4 19. h4 Nd3+ 20. Ke2 Nf4+ 21. Bxf4 exf4 22. e5 Qb5+ 23. c4 Qc5 24. Kf1 Nd7 25. h5 Nxe5 26. Nxe5 Rxe5 27. b4 Qb6 28. Nh4 Rae8 29. Rg2 Qxb4 30. Nf3 Re2 31. Qc1 Qb3 32. Ra3 Qxb2 33. Qxb2 Rxb2 34. Ra1 Ree2 35. c5 Bxc5 36. Nd2 Rbxd2 0-1